000 00424nam a2200157Ia 4500
008 230116s9999 xx 000 0 und d
020 _a9780727731029
041 _aeng
082 _a720.47
100 _aTelford T.
_9106443
245 _aPlanning And Environmental Protection : A n Introductory Guide.
260 _bThomas Telford Publishing.
_c2002
300 _a120
906 _b37.0
999 _c17111
_d17111